Türkiye'nin eğitim sorunları ve çözüm önerileri (Record no. 1804)

MARC details
000 -BAŞLIK
Sabit Uzunlukta Kontrol Alanı 01871na a2200409 4500
001 - KONTROL NUMARASI
Denetim Alanı 14803
003 - KONTROL NUMARASI IDENTIFIER
Denetim Alanı MIRAKIL
005 - SON İŞLEM TARİHİ VE ZAMANI
Denetim Alanı 20181213154835.0
008 - SABİT-BOY VERİ ELEMANLARI - GENEL BİLGİLER
Sabit Uzunlukta Kontrol Alanı 170224b tu 000 0
035 ## - SİSTEM KONTROL NUMARASI
Sistem Kontrol Numarası 14803
040 ## - KATALOGLAMA KAYNAK
Orijinal Kataloglama Ajansı Milas
Kataloglama Dili tur
Metne Dönüştürmek Ajansı TR-AnCHP
041 ## - DİL KODU
Metin / Ses Parça Veya Ayrı Başlığın Dil Kodu tur
082 ## - DEWEY ONLU SINIFLANDIRMA NUMARASI
Sınıflandırma Numarası CHP 370.9561
Ürün Numarası A91t 2010
090 ## - SINIFLAMA NUMARASI
Sınıflama Numarası CHP 370.9561 A91t 2010
100 ## - ANA GİRİŞ - KİŞİSEL İSİM
Kişisel Ad Aybek, Şahin
Bir Adıyla İlişkilendirilen Tarihler 1977-
245 ## - BAŞLIK TABLOSU
Başlık Türkiye'nin eğitim sorunları ve çözüm önerileri
Sorumluluk Tablosu, Vb Şahin Aybek
246 ## - UNVAN FORM VARYING
Başlık Doğru / Kısa Başlığı Türkiyenin eğitim sorunları ve çözüm önerileri
260 ## - YAYIN, DAĞITIM, VB
Yayın, Dağıtım, Vb Yeri Ankara
Yayıncı, Dağıtıcı, Vs Adı CHP
Yayın, Dağıtım, Vb Tarihi 2010
300 ## - FİZİKSEL TANIM
Kapsam 383 s.
Diğer Fiziksel Ayrıntıları res.
Boyutlar 30 sm.
490 ## - SERİSİ TABLOSU
Seri Beyanı Cumhuriyet Halk Partisi yayınları
500 ## - GENEL NOT
Genel Not Dış kapakta yapıt adı : Eğitimin genel sorunları -- Eğitimin güncel sorunları -- CHP ve eğitim - Atatürk'ün eğitim ile ilgili görüşleri - Deniz Baykal'ın eğitim ile ilgili görüşleri - CHP programında eğitim - CHP iktidarında öğretmen -- CHP iktidarında mesleki eğitim.
505 ## - BİÇİMLENDİRİLDİ İÇİNDEKİLER NOT
Biçimlendirilmiş İçeriği Dikkat Eğitimin genel sorunları -- Eğitimin güncel sorunları -- CHP ve eğitim - Atatürk'ün eğitim ile ilgili görüşleri - Deniz Baykal'ın eğitim ile ilgili görüşleri - CHP programında eğitim - CHP iktidarında öğretmen -- CHP iktidarında mesleki eğitim.
610 ## - KONU KATMA GİRİŞ - TOPLANTI ADI
Giriş Elemanı Olarak Kurumsal Ad Veya Yargı Alanı Adı CHP
Genel Alt Bölüm Eğitim politikaları
610 ## - KONU KATMA GİRİŞ - TOPLANTI ADI
Giriş Elemanı Olarak Kurumsal Ad Veya Yargı Alanı Adı CHP
Genel Alt Bölüm Eğitim sorunları
Kronolojik Alt Bölüm Çözüm önerileri
650 ## - KONU KATMA GİRİŞ - TOPİKAL DÖNEM
Topikal Süreli Veya Coğrafi Ad Giriş Elemanı Eğitim
Coğrafi Alt Bölümü Türkiye
740 ## - KATMA GİRİŞ - KONTROLSUZ İLGİLİ / ANALİTİK BAŞLIK
Kontrol Edilmeyen / İlgili Analitik Başlıktaki CHP iktidarında mesleki eğitim
740 ## - KATMA GİRİŞ - KONTROLSUZ İLGİLİ / ANALİTİK BAŞLIK
Kontrol Edilmeyen / İlgili Analitik Başlıktaki CHP iktidarında öğretmen
740 ## - KATMA GİRİŞ - KONTROLSUZ İLGİLİ / ANALİTİK BAŞLIK
Kontrol Edilmeyen / İlgili Analitik Başlıktaki CHP programında eğitim
740 ## - KATMA GİRİŞ - KONTROLSUZ İLGİLİ / ANALİTİK BAŞLIK
Kontrol Edilmeyen / İlgili Analitik Başlıktaki Deniz Baykal'ın eğitim ile ilgili görüşleri
740 ## - KATMA GİRİŞ - KONTROLSUZ İLGİLİ / ANALİTİK BAŞLIK
Kontrol Edilmeyen / İlgili Analitik Başlıktaki Atatürk'ün eğitim ile ilgili görüşleri
740 ## - KATMA GİRİŞ - KONTROLSUZ İLGİLİ / ANALİTİK BAŞLIK
Kontrol Edilmeyen / İlgili Analitik Başlıktaki CHP ve eğitim
740 ## - KATMA GİRİŞ - KONTROLSUZ İLGİLİ / ANALİTİK BAŞLIK
Kontrol Edilmeyen / İlgili Analitik Başlıktaki Eğitimin güncel sorunları
740 ## - KATMA GİRİŞ - KONTROLSUZ İLGİLİ / ANALİTİK BAŞLIK
Kontrol Edilmeyen / İlgili Analitik Başlıktaki Eğitimin genel sorunları
810 ## - SERİSİ EKLENDİ GİRİŞ - KURUMSAL ADI
Giriş Elemanı Olarak Kurumsal Ad Veya Yargı Alanı Adı Cumhuriyet Halk Partisi (CHP)
830 ## - SERİSİ EKLENDİ GİRİŞ - ÜNİFORM ADI
Üniforma Başlık CHP yayınları
942 ## - EKLENDİ GİRİŞ ELEMANLARI (KOHA)
Sınıflandırma Veya Raf Düzeni Kaynak
Koha Öğesi Türü Books
999 ## - SİSTEM KONTROL NUMARALARI (KOHA)
Koha Biblionumber 1804
Koha Biblioitemnumber 1804
Holdings
Kalıcı Konum Mevcut Konum Edinme Tarihi Edinim Kaynak Toplam Check-Out'Lar Tam Çağrı Numarası Barkod Tarih Son Görülme İtibaren Geçerli Fiyatlar Koha Öğesi Türü Kopya Sayısı Kullanım Kısıtlamaları
CHP Kütüphanesi CHP Kütüphanesi 09/01/2016 Bağış   CHP 370.9561 A91t 2010 003150 09/01/2016 09/01/2016 Books    
CHP Kütüphanesi CHP Kütüphanesi 10/18/2016 Bağış   CHP 370.9561 A91t 2010 006911 10/18/2016 10/18/2016 Books k.2  
CHP Kütüphanesi CHP Kütüphanesi 10/18/2016 Bağış   CHP 370.9561 A91t 2010 006912 10/18/2016 10/18/2016 Books k.3  
CHP Kütüphanesi CHP Kütüphanesi 10/18/2016 Bağış   CHP 370.9561 A91t 2010 006913 10/18/2016 10/18/2016 Books k.4  
CHP Kütüphanesi CHP Kütüphanesi 02/24/2017 Bağış   CHP 370.9561 A91t 2010 016405 02/24/2017 02/24/2017 Books k.5 Kütüphane dışına çıkarılamaz